Neu-revidirte Willkühr der Stadt Danzig aus Schluss sämtlicher Ordnungen publicirt anno 1761 und mit beygefügten Zusätzen und Erläuterungen nebst einem Register

Titel: Neu-revidirte Willkühr der Stadt Danzig aus Schluss sämtlicher Ordnungen publicirt anno 1761 und mit beygefügten Zusätzen und Erläuterungen nebst einem Register
Ausgabe: zum 2. Mal abgedr.
Veröffentlicht: Danzig : Wedel, 1783
Umfang: 271,30,66 S.
Format: Buch
Sprache: Deutsch
Kein Bild verfügbar
X
Lokale Klassifikation: 7 12 F
alg: 12467938
001A    $03004:11-11-04 
001B    $01999:26-05-23 $t18:26:10.000 
001C    $03004:11-11-04 $t09:26:17.000 
001D    $03004:11-11-04 
001U    $0utf8 
001X    $00 
002@    $0Aar 
003@    $0124679382 
003O    $0177314451 $aOCoLC 
007A    $0124679382 $aHEB 
007T    $0Herdhh124679382 
010@    $ager 
011@    $a1783 
021A    $aNeu-revidirte Willkühr der Stadt Danzig aus Schluss sämtlicher Ordnungen publicirt anno 1761 und mit beygefügten Zusätzen und Erläuterungen nebst einem Register 
032@    $azum 2. Mal abgedr. 
033A    $pDanzig $nWedel 
034D    $a271,30,66 S. 
045F    $a340.09 $eDDC23BSB 
045F/01 $a340.09 
045F/03 $f0903 
045F/03 $f09041 
045F/03 $g4382 
045G    $a351.09 $eDDC23BSB 
045G/01 $a351.09 
045G/03 $g4382 
045G/03 $g43832 
047C    $aNeu-revidierte Willkür publiziert beigefügten 

lok: 12467938 24
101B    $011-11-04 $t09:26:17.000 
101C    $011-11-04 
145Z/01 $a7 12 F 
101U    $0utf8 

exp: 12467938 24 1 #EPN
201B/01 $011-11-04 $t09:26:17.000 
201C/01 $011-11-04 
203@/01 $0221730532 
208@/01 $a11-11-04 $br 
209A/01 $aR/ 7 XII F 8 $dg $f050 $h7 12 F 8 $x00 
209C/01 $aG 86.0918 $h86 0918 G 
220C/01 $agro 
247C/01 $8358050-7 Marburg, Bibliothek des Herder-Instituts Marburg $9102600961 
201U/01 $0utf8 

lok: 12467938 78

exp: 12467938 78 1 #EPN
201B/01 $026-11-17 $t04:59:47.000 
201U/01 $0utf8 
203@/01 $0793727650 
208@/01 $a12-11-16 $be 
209A/01 $a/ $f000 $x00 
237A/01 $aweiterführende Signatur(en): Herder-Institut: R/ 7 XII F 8 
244Z/01 $2Trx $#Prusy Wschodnie i Zachodnie $8--Trx--Ost- und Westpreußen $x01 $939113373X 
244Z/01 $#Danzig $#Ville Libre de Danzig $#Dantzig $#Ville Libre de Dantzig $#Freistaat Danzig $#Gdańsk $#Freie Stadt Danzig $#Urząd Miejski w Gdańsku $#Gyddanzyc $#Gedanum $#Dantiscum $74011039-4 $8--Tg1--Danzig $x02 $9085022225 
245Z/01 $a07.01 $x01 
247C/01 $82080>Marburg/Lahn, Herder-Institut, Forschungsbibliothek, Bibliographieportal $9336309341
LEADER 00000cam a22000002c 4500
001 124679382
003 DE-603
005 20230526182610.0
007 tu
008 041111s1783 xx |||| | u00||u|ger c
035 |a (DE-599)HEB124679382 
035 |a (OCoLC)177314451 
040 |a DE-603  |b ger  |c DE-603  |d DE-603 
041 |a ger 
082 0 4 |8 1\u  |a 340.09  |q DE-101  |2 23/BSB 
083 0 |8 2\u  |a 351.09  |q DE-101  |2 23/BSB 
085 |8 1\u  |b 340.09 
085 |8 1\u  |z 1  |s 0903 
085 |8 1\u  |z 1  |s 09041 
085 |8 1\u  |z 2  |s 4382 
085 |8 2\u  |b 351.09 
085 |8 2\u  |z 2  |s 4382 
085 |8 2\u  |z 2  |s 43832 
245 0 0 |a Neu-revidirte Willkühr der Stadt Danzig aus Schluss sämtlicher Ordnungen publicirt anno 1761 und mit beygefügten Zusätzen und Erläuterungen nebst einem Register 
246 1 0 |a Neu-revidierte Willkür publiziert beigefügten 
250 |a zum 2. Mal abgedr. 
264 1 |a Danzig  |b Wedel  |c 1783 
300 |a 271,30,66 S. 
924 0 |9 Mb 50  |a (DE-603)221730532  |b DE-Mb50  |c HES  |d b  |g R/ 7 XII F 8 
924 0 |9 2080  |a (DE-603)793727650  |b DE-2080  |c HES  |d d  |g /